[Event "European Rapid Championship 2021"]
[Site "Katowice"]
[Date "2021.12.18"]
[Round "1.24"]
[White "Wieckowski, Michal"]
[Black "Tymrakiewicz, Rafal"]
[Result "1-0"]
[WhiteElo "1698"]
[BlackElo "2250"]
[Annotator "RC"]
[PlyCount "177"]
[EventDate "2021.12.18"]
[EventType "swiss"]
[EventCountry "POL"]
[SourceTitle "playchess.com"]
[Source "ChessBase"]
[SourceQuality "1"]
[TimeControl "900+10"]

1. e4 {[%emt 0:00:01]} Nf6 {[%emt 0:00:16]} 2. Nc3 {[%emt 0:00:30]} d5 {
[%emt 0:00:07]} 3. exd5 {[%emt 0:00:45]} Nxd5 {[%emt 0:00:06]} 4. Bc4 {[%emt 0:
00:08]} e6 {[%emt 0:00:03]} 5. Nf3 {[%emt 0:00:18]} c5 {[%emt 0:00:55]} 6. O-O
{[%emt 0:00:34]} Nxc3 {[%emt 0:00:56]} 7. dxc3 {[%emt 0:00:05]} Bd6 {[%emt 0:
05:20]} 8. Ng5 {[%emt 0:03:17]} h6 {[%emt 0:01:04]} 9. Qh5 {[%emt 0:00:11]} O-O
{[%emt 0:03:55]} 10. Ne4 {[%emt 0:00:41]} Be7 {[%emt 0:00:37]} 11. Be3 {
[%emt 0:05:08]} Nd7 {[%emt 0:00:37]} 12. Rad1 {[%emt 0:00:28]} Qe8 {[%emt 0:00:
03]} 13. Bb5 {[%emt 0:02:25]} a6 {[%emt 0:00:18]} 14. Bxd7 {[%emt 0:00:38]}
Bxd7 {[%emt 0:00:01]} 15. Bxc5 {[%emt 0:00:23]} Bxc5 {[%emt 0:00:23]} 16. Qxc5
{[%emt 0:00:06]} Bc6 {[%emt 0:00:09]} 17. Nd6 {[%emt 0:00:47]} Qe7 {[%emt 0:00:
04]} 18. Ne4 {[%emt 0:00:14]} Qh4 {[%emt 0:00:18]} 19. Ng3 {[%emt 0:00:05]}
Rac8 {[%emt 0:00:24]} 20. Qd4 {[%emt 0:00:02]} Qg5 {[%emt 0:00:13]} 21. Qd2 {
[%emt 0:00:03]} Qg6 {[%emt 0:00:28]} 22. Qd3 {[%emt 0:00:17]} f5 {[%emt 0:00:
00]} 23. Rfe1 {[%emt 0:00:05]} Rf6 {[%emt 0:00:44]} 24. f3 {[%emt 0:00:09]} Re8
{[%emt 0:00:26]} 25. Re5 {[%emt 0:00:01]} Qg5 {[%emt 0:00:46]} 26. Qd2 {
[%emt 0:00:13]} Qh4 {[%emt 0:00:35]} 27. Ne2 {[%emt 0:01:24]} g5 {[%emt 0:00:
26]} 28. Nd4 {[%emt 0:00:14]} Bd7 {[%emt 0:00:00]} 29. g3 {[%emt 0:00:10]} Qh5
{[%emt 0:00:02]} 30. Rde1 {[%emt 0:00:08]} Qf7 {[%emt 0:00:04]} 31. Kg2 {
[%emt 0:00:05]} Kg7 {[%emt 0:00:04]} 32. Qd3 {[%emt 0:00:14]} g4 {[%emt 0:00:
21]} 33. f4 h5 34. Kg1 {[%emt 0:00:35]} h4 {[%emt 0:00:02]} 35. Kf2 {[%emt 0:
00:06]} Rh6 {[%emt 0:00:11]} 36. Ke3 {[%emt 0:00:08]} hxg3 {[%emt 0:00:27]} 37.
hxg3 {[%emt 0:00:01]} Rh3 {[%emt 0:00:03]} 38. Kd2 {[%emt 0:00:03]} Rhh8 {
[%emt 0:00:16]} 39. Kc1 {[%emt 0:00:05]} Rh6 {[%emt 0:00:23]} 40. Kb1 {[%emt 0:
00:34]} Rf6 {[%emt 0:00:02]} 41. Kc1 {[%emt 0:00:01]} Rc8 {[%emt 0:00:10]} 42.
Rh1 {[%emt 0:00:12]} Bc6 {[%emt 0:00:27]} 43. Nxc6 {[%emt 0:00:12]} Rxc6 {
[%emt 0:00:01]} 44. Qd2 {[%emt 0:00:05]} Rh6 {[%emt 0:00:16]} 45. Rxh6 {
[%emt 0:00:01]} Kxh6 {[%emt 0:00:00]} 46. Qh2+ {[%emt 0:00:02]} Kg7 {[%emt 0:
00:01]} 47. Qh4 {[%emt 0:00:07]} Qf6 {[%emt 0:00:08]} 48. Qxf6+ {[%emt 0:00:12]
} Kxf6 {[%emt 0:00:01]} 49. Kd2 {[%emt 0:00:06]} Rc7 {[%emt 0:00:07]} 50. Re2 {
[%emt 0:00:03]} Rh7 {[%emt 0:00:02]} 51. Ke3 {[%emt 0:00:05]} Rh1 {[%emt 0:00:
15]} 52. Kd2 {[%emt 0:00:35]} Rg1 {[%emt 0:00:34]} 53. Re3 {[%emt 0:00:01]} Ke7
{[%emt 0:00:01]} 54. c4 {[%emt 0:00:12]} b6 {[%emt 0:00:33]} 55. b4 {[%emt 0:
00:02]} a5 {[%emt 0:00:16]} 56. a3 {[%emt 0:00:12]} Kd6 {[%emt 0:00:10]} 57.
Rd3+ {[%emt 0:00:27]} Kc6 {[%emt 0:00:02]} 58. Re3 {[%emt 0:00:01]} Kd6 {
[%emt 0:00:10]} 59. Rd3+ {[%emt 0:00:02]} Ke7 {[%emt 0:00:17]} 60. Re3 {
[%emt 0:00:01]} axb4 {[%emt 0:00:04]} 61. axb4 Rg2+ {[%emt 0:00:04]} 62. Kd3 {
[%emt 0:00:04]} Kd6 {[%emt 0:00:02]} 63. Kc3 {[%emt 0:00:20]} Rg1 {[%emt 0:00:
01]} 64. Rd3+ {[%emt 0:00:01]} Ke7 {[%emt 0:00:01]} 65. Re3 {[%emt 0:00:01]}
Kf6 {[%emt 0:00:00]} 66. c5 {[%emt 0:00:25]} bxc5 {[%emt 0:00:01]} 67. bxc5 {
[%emt 0:00:01]} Ke7 {[%emt 0:00:07]} 68. Kc4 {[%emt 0:00:11]} Rg2 {[%emt 0:00:
06]} 69. c3 {[%emt 0:00:01]} Kd7 {[%emt 0:01:07]} 70. Kd4 {[%emt 0:00:46]} Rd2+
{[%emt 0:00:09]} 71. Rd3 {[%emt 0:00:13]} Rg2 {[%emt 0:00:21]} 72. Ke5+ {
[%emt 0:00:17]} Ke7 {[%emt 0:00:00]} 73. Kd4 {[%emt 0:00:26]} Re2 {[%emt 0:00:
16]} 74. Re3 {[%emt 0:00:07]} Rd2+ {[%emt 0:00:06]} 75. Rd3 {[%emt 0:00:02]}
Re2 {[%emt 0:00:04]} 76. Re3 {[%emt 0:00:02]} Rd2+ {[%emt 0:00:06]} 77. Rd3 {
[%emt 0:00:03]} Ra2 {[%emt 0:00:13]} 78. Kc4 {[%emt 0:00:15]} Ra8 {[%emt 0:00:
27]} 79. c6 {[%emt 0:00:05]} e5 {[%emt 0:00:12]} 80. fxe5 Ke6 81. Kc5 {[%emt 0:
00:17]} Ra5+ {[%emt 0:00:22]} 82. Kb6 {[%emt 0:00:04]} Ra4 {[%emt 0:00:02]} 83.
Rd4 {[%emt 0:00:07]} Ra3 {[%emt 0:00:06]} 84. c4 {[%emt 0:00:47]} Rb3+ {
[%emt 0:00:05]} 85. Kc5 {[%emt 0:00:02]} Rb8 {[%emt 0:00:07]} 86. c7 {[%emt 0:
00:06]} Rc8 {[%emt 0:00:01]} 87. Kc6 {[%emt 0:00:01]} Kxe5 {[%emt 0:00:00]} 88.
Rf4 {[%emt 0:00:06]} Ke6 {[%emt 0:00:09]} 89. Kb7 {[%emt 0:00:02]} 1-0

[Event "European Rapid Championship 2021"]
[Site "Katowice"]
[Date "2021.12.18"]
[Round "1.24"]
[White "Sola, Robert"]
[Black "Blohberger, Felix"]
[Result "0-1"]
[WhiteElo "1310"]
[BlackElo "2409"]
[Annotator "TA"]
[PlyCount "72"]
[EventDate "2021.12.18"]
[EventType "swiss"]
[EventCountry "POL"]
[SourceTitle "playchess.com"]
[Source "ChessBase"]
[SourceQuality "1"]

{[%evp 9,72,0,-16,-10,0,-18,11,2,13,0,0,-4,-18,-40,-8,-22,-27,-31,0,0,6,7,0,0,
0,0,0,0,1,-17,-19,-29,-19,-24,-27,-45,-16,-16,-20,-28,-13,-15,-13,-45,-13,-3,0,
-16,0,0,0,0,0,0,0,-36,-36,-37,-25,-41,-36,-70,-32,-1339,-1260]} 1. d4 Nf6 2.
Bf4 c5 3. e3 Nd5 4. Bg3 Qb6 5. Nc3 Nxc3 6. bxc3 {A45: Trompowsky Attack.} d6 7.
Nf3 g6 8. Be2 {The position is equal.} Bg7 9. O-O O-O {[#]} 10. Qb1 $146 ({
Predecessor:} 10. Nd2 Nd7 11. Nc4 Qc7 12. a4 b6 13. Qd2 Bb7 14. Rfb1 Bd5 15.
Na3 Rfc8 16. Ba6 {0-1 (52) Lizak,P (2636)-Grigoriants,S (2917) Chess.com INT
2020}) 10... Qc7 11. Qb3 Nd7 12. a4 Nf6 13. Nd2 {To avoid Ne4} Bf5 (13... Be6
$5 {[%cal Re6b3]} 14. c4 cxd4 $11) 14. Bf3 cxd4 15. cxd4 Qxc2 16. Qxc2 Bxc2 17.
Rfc1 Rac8 18. Bxb7 Rc7 19. Bf3 Rfc8 20. h3 h6 {[%cal Bh7h6,Bh6h5][%mdl 32]} 21.
a5 g5 {[%cal Bg6g5,Bg5g4][%mdl 32]} 22. Kh2 h5 {[#] Threatens to win with ...
h4.} 23. h4 g4 24. Be2 Nd5 25. Ba6 Rb8 26. Ra2 Nb4 27. Rb2 Nxa6 28. Rcxc2 Rxb2
29. Rxb2 Kh7 30. Ne4 Kg6 31. Bf4 f5 32. Ng3 (32. Ng5 $5 {[%cal Rg5e6]}) 32...
e5 33. dxe5 dxe5 ({But not} 33... Bxe5 34. Bxe5 dxe5 35. Rd2 $16) 34. Bg5 Nc5
$1 35. Rc2 {[#] Bd8 is the strong threat.} Ne6 {Prevents Bd8.} (35... Bf8 $5 {
[%cal Rc5e6]}) 36. Bd8 $2 {[%mdl 8192]} Rxc2 {Weighted Error Value: White=0.31/
Black=0.08 (flawless)} 0-1

[Event "European Rapid Championship 2021"]
[Site "Katowice"]
[Date "2021.12.18"]
[Round "1.25"]
[White "Diermair, Andreas"]
[Black "Blasiak, Miroslaw"]
[Result "1-0"]
[WhiteElo "2408"]
[BlackElo "1709"]
[Annotator "TA"]
[PlyCount "89"]
[EventDate "2021.12.18"]
[EventType "swiss"]
[EventCountry "POL"]
[SourceTitle "playchess.com"]
[Source "ChessBase"]
[SourceQuality "1"]

{[%evp 13,88,11,10,9,59,58,60,41,75,35,33,33,31,32,34,35,38,29,54,30,84,37,64,
18,11,13,15,18,10,0,0,0,0,0,0,0,72,35,31,0,0,0,75,66,106,90,88,8,85,89,123,128,
116,84,77,79,68,32,41,45,112,72,177,195,176,92,91,82,96,89,1158,1157,1151,1124,
1117,1133,29999]} 1. d4 d5 2. c4 e6 3. Nf3 Nf6 4. g3 Bb4+ 5. Bd2 Be7 6. Bg2 O-O
7. O-O Nbd7 8. Qc2 {E11: Bogo-Indian.} c5 (8... c6 $11) 9. cxd5 $14 Nxd5 {[#]}
10. Rd1 $146 {White is slightly better.} ({Predecessor:} 10. dxc5 Nxc5 11. Rd1
Bd7 12. Nc3 Nb4 13. Qb1 a5 14. Ne5 Be8 15. Nc4 Bc6 16. Bf4 {1-0 (40) Abasov,N 
(2516)-Mirzoev,A (2553) Baku 2014}) 10... Qb6 11. Nc3 cxd4 12. Nxd5 exd5 13.
Bf4 {[%cal Bd2f4,Bf4e5,Be5d4][%mdl 32]} Nf6 14. Be5 ({Of course not} 14. Rxd4
Bc5 15. e3 Bxd4 16. Nxd4 Re8 $17) 14... Bg4 15. Bxd4 Qa6 16. h3 Bh5 (16... Be6
$11) 17. Nh4 (17. Rac1 $16) 17... Rac8 (17... Qxe2 $2 18. Qxe2 Bxe2 19. Re1 $18
) 18. Qd2 (18. Qd3 $1 $14) 18... Ne4 $11 (18... Bxe2 $2 19. Re1 $18) 19. Bxe4
dxe4 20. Nf5 {[%csl LRe7,LRg7]} Bf6 21. Bxf6 Qxf6 22. Nd6 Rcd8 {[%cal Oe4e3]}
23. Nxe4 Qe7 24. Qe3 h6 (24... Rde8 $1 $11 25. Nc3 Qxe3 26. fxe3 Rxe3) 25. g4 {
White is more active.} (25. Nc3 $5 {[%cal Re3e7]} Qxe3 26. fxe3 $14) 25... Bg6
26. Ng3 Qxe3 27. fxe3 Rfe8 {Inhibits e4.} (27... Rde8 $1 $11 {remains equal.})
28. Kf2 $16 a6 29. Rd4 Rc8 30. Rd2 ({White should try} 30. h4 $16) 30... Re7 {
[#]} (30... Rc6 $1 $11 {keeps the balance.}) 31. Rad1 $1 Rcc7 32. Rd8+ Kh7 33.
h4 Bc2 34. R1d4 g6 35. b3 Bb1 36. Rd2 Be4 ({Better is} 36... Rc6 $14) 37. Rb8 {
Threatens to win with Rdd8.} Bc6 (37... Kg7 $16) 38. Rdd8 $18 {And now g5
would win.} Kg7 {[#]} 39. g5 (39. Rh8 $1 $18) 39... hxg5 $16 40. hxg5 {White
wants to mate with Rg8+.} f5 41. Rg8+ Kf7 $2 {[%mdl 8192] This costs Black the
game.} (41... Kh7 $16) 42. Rbf8+ $18 Ke6 43. Rxg6+ Kd7 44. Nxf5 {[%csl Gf5]
[%cal Rg6d6]} Rh7 45. Rd6# {Weighted Error Value: White=0.18 (very precise) /
Black=0.38} 1-0

[Event "European Rapid Championship 2021"]
[Site "Katowice"]
[Date "2021.12.18"]
[Round "1.25"]
[White "Grabarczyk, Miroslaw"]
[Black "Trojan, Matyas"]
[Result "1-0"]
[WhiteElo "2373"]
[BlackElo "1542"]
[Annotator "TA"]
[PlyCount "47"]
[EventDate "2021.12.18"]
[EventType "swiss"]
[EventCountry "POL"]
[SourceTitle "playchess.com"]
[Source "ChessBase"]
[SourceQuality "1"]

{[%evp 23,47,66,79,15,31,26,287,285,284,274,287,206,200,203,187,194,178,186,
195,191,281,179,434,424,1012,983]} 1. d4 d5 2. c4 e6 3. Nf3 Nf6 4. g3 Nbd7 5.
Bg2 Be7 6. O-O O-O 7. Qc2 c5 8. Rd1 b6 9. Nc3 Bb7 10. cxd5 Nxd5 11. Nxd5 Bxd5
12. e4 Bb7 13. d5 {E18: Queen's Indian: Old Main Line (4 g3 Bb7 5 Bg2 Be7 6
0-0 0-0 7 Nc3).} ({White should play} 13. dxc5 $16 {[%cal Of3e5] Hoping for
Ne5!} Rc8 14. Ne5 $1 Rxc5 15. Qa4 Rxe5 16. Qxd7 (16. Rxd7 Qe8 $14)) 13... exd5
$11 14. exd5 {[#]} Nf6 $146 {[%mdl 8192] [#] This costs Black the game.} (14...
Bf6 $11) ({Predecessor:} 14... Bf6 15. h4 Re8 16. d6 Rb8 17. Bf4 Be4 18. Qd2
Qc8 19. Re1 Qc6 20. Re3 Bd5 {1-0 (32) Lysyj,I (2627)-Ye,J (2053) Qinhuangdao
2017}) 15. d6 $1 $18 {White has a decisive advantage.} Bxd6 16. Bf4 Ne4 17. Ng5
{[%mdl 64] Deflection} Nxg5 18. Rxd6 Qe7 {[#] Strongly threatening ...Bxg2.}
19. Bxg5 $1 Qxd6 20. Bxb7 {Threatens to win with Rd1. A strong pair of Bishops.
} Rae8 21. Rd1 Qc7 (21... Qg6 {was called for.} 22. Qd2 h6) 22. Bf3 {aiming
for Bf4.} f6 $2 (22... Qc8 23. Kg2 h6) 23. Bf4 Qe7 (23... Qc8 $142 24. Bd6 Rf7)
24. Bd6 {Weighted Error Value: White=0.25 (precise) /Black=0.86} 1-0

[Event "European Rapid Championship 2021"]
[Site "Katowice"]
[Date "2021.12.18"]
[Round "1.26"]
[White "Czuprynski, Janusz"]
[Black "Wisniewski, Michal"]
[Result "0-1"]
[WhiteElo "1536"]
[BlackElo "2248"]
[Annotator "NA RC"]
[PlyCount "58"]
[EventDate "2021.12.18"]
[EventType "swiss"]
[EventCountry "POL"]
[SourceTitle "playchess.com"]
[Source "ChessBase"]
[SourceQuality "1"]
[TimeControl "900+10"]

1. d4 {[%emt 0:00:07]} Nf6 {[%emt 0:00:03]} 2. Bf4 {[%emt 0:00:05]} c5 {
[%emt 0:00:01]} 3. e3 {[%emt 0:00:09]} Qb6 {[%emt 0:00:01]} 4. Nc3 {[%emt 0:04:
31]} cxd4 {[%emt 0:00:03]} 5. Nb5 {[%emt 0:01:21]} Qa5+ {[%emt 0:00:11]} 6. c3
{[%emt 0:00:28]} dxc3 {[%emt 0:00:49]} 7. Bc7 {[%emt 0:03:14]} Qb4 {[%emt 0:00:
06]} 8. bxc3 {[%emt 0:00:07]} Qc5 {[%emt 0:00:11]} 9. Qd4 {[%emt 0:01:10]} Na6
{[%emt 0:00:12]} 10. Qxc5 {[%emt 0:01:10]} Nxc5 {[%emt 0:00:02]} 11. Bg3 {
[%emt 0:00:19]} Ne6 {[%emt 0:00:01]} 12. Nf3 {[%emt 0:00:09]} a6 {[%emt 0:00:
02]} 13. Nc7+ {[%emt 0:00:41]} Nxc7 {[%emt 0:00:01]} 14. Bxc7 {[%emt 0:00:02]}
d6 {[%emt 0:00:03]} 15. c4 {[%emt 0:00:58]} g6 {[%emt 0:00:19]} 16. Bd3 {
[%emt 0:00:14]} Bg7 {[%emt 0:00:02]} 17. Rc1 {[%emt 0:00:34]} Nd7 {[%emt 0:00:
06]} 18. O-O {[%emt 0:00:18]} O-O {[%emt 0:00:02]} 19. Rc2 {[%emt 0:00:38]} Nc5
{[%emt 0:00:03]} 20. Be2 {[%emt 0:00:02]} Bf5 {[%emt 0:00:03]} 21. Rcc1 {
[%emt 0:00:15]} Rac8 {[%emt 0:00:02]} 22. Ba5 {[%emt 0:00:06]} Bd3 {[%emt 0:00:
42]} 23. Bxd3 {[%emt 0:00:23]} Nxd3 {[%emt 0:00:03]} 24. Rc2 {[%emt 0:00:03]}
Rc5 {[%emt 0:00:06]} 25. Rd1 {[%emt 0:00:30]} Nxf2 {[%emt 0:00:05]} 26. Kxf2 {
[%emt 0:00:03]} Rxa5 {[%emt 0:00:02]} 27. Rd5 {[%emt 0:00:12]} Ra4 {[%emt 0:00:
23]} 28. Ne1 {[%emt 0:00:22]} Rc8 {[%emt 0:00:05]} 29. c5 {[%emt 0:00:04]} dxc5
{[%emt 0:00:05]} 0-1

[Event "European Rapid Championship 2021"]
[Site "Katowice"]
[Date "2021.12.18"]
[Round "1.26"]
[White "Krzyzosiak, Marta"]
[Black "Gretarsson, Helgi Ass"]
[Result "0-1"]
[WhiteElo "1520"]
[BlackElo "2476"]
[Annotator "TA"]
[PlyCount "86"]
[EventDate "2021.12.18"]
[EventType "swiss"]
[EventCountry "POL"]
[SourceTitle "playchess.com"]
[Source "ChessBase"]
[SourceQuality "1"]

{[%evp 16,86,-26,-31,-20,-49,-26,-50,-49,-64,-66,-77,-75,-79,-83,-202,-88,-112,
-110,-110,-118,-208,-196,-175,-188,-340,-250,-260,-269,-249,-269,-518,-513,
-522,-490,-562,-517,-500,-477,-751,-754,-889,-888,-885,-865,-862,-847,-841,
-663,-654,-637,-626,-618,-677,-631,-989,-968,-1091,-1076,-1018,-1005,-1071,
-1064,-12842,-12842,-12842,-12843,-12843,-12843,-12844,-12845,-12845,-12845]} 
1. Nf3 g6 2. g3 d5 3. Bg2 Bg7 4. d3 c5 5. O-O Nc6 6. c3 Nf6 7. a4 O-O 8. Nbd2
e5 9. e4 h6 {A08: King's Indian Attack.} 10. Qc2 Re8 11. Re1 b6 {[#] Black is
slightly better.} 12. Rb1 $146 ({Predecessor:} 12. exd5 Nxd5 13. Nc4 Bf5 14.
Nfd2 Be6 15. Ne4 Qc7 16. a5 Rab8 17. axb6 axb6 18. Ned6 {1-0 (37) Golovin,L 
(2431)-Khismatullin,D (2570) Voronezh 2007}) 12... Be6 {Black is more active.}
13. b4 cxb4 14. cxb4 Rc8 {[%cal Oc6b4] White must now prevent ...Nxb4!} 15. Qb2
{[#]} (15. Qd1 $17) 15... Nd7 (15... dxe4 $1 $19 {is more deadly.} 16. dxe4 Nd4
17. Nxd4 exd4) 16. Nf1 {[%cal Of3g5]} a5 17. bxa5 bxa5 {Threatens to win with .
..Nc5.} 18. Qe2 (18. Bd2 $17) 18... Nc5 $19 {[%cal Bd7c5,Bc5a4,Ba4c3,Bc3e2]
[%mdl 32]} 19. exd5 Bxd5 20. Ne3 $2 (20. Bd2 {was necessary.}) 20... Be6 ({Not
} 20... Nxa4 21. Nxd5 Qxd5 22. Qc2 $17) 21. Rd1 Nxa4 22. Bd2 {To avoid Nc3} Nd4
23. Nxd4 (23. Qf1 {was the only defense.}) 23... exd4 {Black is clearly
winning.} ({Inferior is} 23... Qxd4 24. Bxa5 Nc3 25. Bxc3 Rxc3 26. h4 $17) 24.
Nf1 Ba2 {[%csl LRb1,LRe2]} 25. Qf3 Bxb1 26. Rxb1 Nc3 27. Rb7 (27. Ra1 $142)
27... Rc7 {And now ...a4 would win.} 28. Rxc7 Qxc7 29. Bf4 Qd7 {[#] aiming for
...a4.} 30. Qc6 Qxc6 31. Bxc6 Ne2+ 32. Kg2 Nxf4+ 33. gxf4 {[%mdl 4096] Endgame
KRB-KBN} Rc8 34. Bb5 Rb8 35. Bc4 a4 {[%cal Ba5a4,Ba4a3][%mdl 32]} 36. Nd2 Rb2
37. Ne4 a3 38. Nd6 Kf8 39. Nxf7 Ke7 40. Kf3 a2 41. Bxa2 Rxa2 42. Ne5 Bxe5 43.
fxe5 Ke6 {Weighted Error Value: White=0.68/Black=0.20 (precise)} 0-1

[Event "European Rapid Championship 2021"]
[Site "Katowice"]
[Date "2021.12.18"]
[Round "1.27"]
[White "Kjartansson, Gudmundur"]
[Black "Obrochta, Lena"]
[Result "1-0"]
[WhiteElo "2402"]
[BlackElo "1692"]
[Annotator "TA"]
[PlyCount "53"]
[EventDate "2021.12.18"]
[EventType "swiss"]
[EventCountry "POL"]
[SourceTitle "playchess.com"]
[Source "ChessBase"]
[SourceQuality "1"]

{[%evp 9,53,0,8,0,0,0,0,7,0,-6,35,1,72,64,114,83,98,96,88,66,72,58,151,143,150,
156,216,174,237,141,299,298,517,369,622,628,1076,1045,1734,1662,29994,29995,
29997,29995,29998,29999]} 1. c4 e5 2. d3 Nf6 3. Nf3 Nc6 4. a3 d5 5. cxd5 Nxd5
6. e3 {A20: English Opening: 1...e5.} Be7 7. Be2 O-O 8. O-O {The position is
equal.} Be6 9. b4 {[%cal Bb2b4,Bb4b5][%mdl 32] [#]} f6 $146 (9... Bf6 $1 $11 {
was preferrable.}) ({Predecessor:} 9... Bf6 10. e4 Nf4 11. Bb2 Qd7 12. Qc2 Bb3
13. Qxb3 Qg4 14. g3 Nxe2+ 15. Kh1 Qxf3# {0-1 (15) Tortoza,C (1563)-Hansen,M 
(2247) Remote email 2013}) 10. Bb2 Nb6 (10... a5 $11 {remains equal.}) 11. Nbd2
$16 a5 (11... Bf7 $14) 12. b5 Na7 13. d4 exd4 14. Nxd4 Bf7 15. Rc1 Bd6 (15...
c6 $14) 16. Bd3 Kh8 17. Ne4 {White is more active.} Be5 (17... Nac8 $16 18. Qc2
Ne7) 18. Nc5 $18 Qd5 {Prevents Nde6.} (18... Qc8 $142 19. Qf3 c6) 19. Qc2 ({
Better is} 19. f4 $18 Bxd4 20. Bxd4) 19... Bxd4 (19... Bd6 $16 20. Ne4 Bg6) 20.
Bxd4 Qg5 $2 (20... Bg8 21. a4 Nac8) 21. f4 Qg4 (21... Qd5 22. a4 Nac8 23. Bxh7
Qa2) 22. Rf3 Qc8 23. Bxh7 {[#] Threatens to win with Bf5.} Nxb5 24. Bf5 Qb8 25.
Rh3+ {White mates.} Kg8 26. Bh7+ {A strong pair of Bishops.} Kh8 {[#]} 27. Bg8+
$1 {[%mdl 512] Black did not feel at home in the position after the opening. 
Weighted Error Value: White=0.20 (precise) /Black=0.86} 1-0

[Event "European Rapid Championship 2021"]
[Site "Katowice"]
[Date "2021.12.18"]
[Round "1.27"]
[White "Zakrzewski, Marek"]
[Black "Zalega, Maciej"]
[Result "1-0"]
[WhiteElo "2239"]
[BlackElo "1985"]
[Annotator "RC"]
[PlyCount "89"]
[EventDate "2021.12.18"]
[EventType "swiss"]
[EventCountry "POL"]
[SourceTitle "playchess.com"]
[Source "ChessBase"]
[SourceQuality "1"]
[TimeControl "900+10"]

1. c4 {[%emt 0:00:35]} Nf6 {[%emt 0:00:01]} 2. Nc3 {[%emt 0:00:03]} g6 {
[%emt 0:00:01]} 3. g3 {[%emt 0:00:31]} Bg7 {[%emt 0:00:04]} 4. Bg2 {[%emt 0:00:
02]} d6 {[%emt 0:00:02]} 5. Nf3 {[%emt 0:00:02]} O-O {[%emt 0:00:03]} 6. O-O {
[%emt 0:00:03]} Nc6 {[%emt 0:00:02]} 7. Rb1 {[%emt 0:00:07]} a5 {[%emt 0:00:21]
} 8. a3 {[%emt 0:00:02]} e5 {[%emt 0:00:16]} 9. d3 {[%emt 0:00:03]} Re8 {
[%emt 0:00:04]} 10. b4 {[%emt 0:00:04]} axb4 {[%emt 0:00:41]} 11. axb4 {
[%emt 0:00:02]} e4 {[%emt 0:00:02]} 12. dxe4 {[%emt 0:01:07]} Nxe4 {[%emt 0:00:
08]} 13. Nd5 {[%emt 0:05:09]} Be6 {[%emt 0:03:32]} 14. Bb2 {[%emt 0:00:57]}
Bxb2 {[%emt 0:00:04]} 15. Rxb2 {[%emt 0:00:03]} Bxd5 {[%emt 0:00:02]} 16. cxd5
{[%emt 0:00:21]} Qf6 {[%emt 0:02:07]} 17. Rb3 {[%emt 0:01:30]} Ne5 {[%emt 0:01:
34]} 18. Qc2 {[%emt 0:00:09]} Ng4 {[%emt 0:02:42]} 19. h3 {[%emt 0:01:20]}
Ngxf2 {[%emt 0:00:48]} 20. Rxf2 {[%emt 0:00:02]} Nxf2 {[%emt 0:00:01]} 21. Kxf2
{[%emt 0:00:03]} Re7 {[%emt 0:00:18]} 22. Qb2 {[%emt 0:02:10]} Qf5 {[%emt 0:00:
40]} 23. Rd3 {[%emt 0:00:02]} Rae8 {[%emt 0:00:17]} 24. Bf1 {[%emt 0:00:02]}
Re5 {[%emt 0:00:43]} 25. Qd2 {[%emt 0:00:48]} h5 {[%emt 0:00:56]} 26. Kg2 {
[%emt 0:01:01]} Re4 {[%emt 0:00:03]} 27. b5 {[%emt 0:00:10]} Kg7 {[%emt 0:00:
55]} 28. Qc3+ {[%emt 0:00:10]} Kg8 {[%emt 0:00:08]} 29. Kf2 {[%emt 0:00:29]} h4
{[%emt 0:00:24]} 30. gxh4 {[%emt 0:00:33]} R8e7 {[%emt 0:02:04]} 31. Kg2 {
[%emt 0:01:41]} Re8 {[%emt 0:00:45]} 32. Qd2 {[%emt 0:00:08]} Kg7 {[%emt 0:00:
12]} 33. Rc3 {[%emt 0:00:29]} R8e7 {[%emt 0:00:11]} 34. Qg5 {[%emt 0:00:02]}
Rxe2+ {[%emt 0:00:23]} 35. Bxe2 {[%emt 0:00:02]} Rxe2+ {[%emt 0:00:01]} 36. Kg3
{[%emt 0:00:01]} Qb1 {[%emt 0:00:18]} 37. Qc1 {[%emt 0:00:34]} Qxb5 {[%emt 0:
00:13]} 38. Nd4 {[%emt 0:00:22]} Rg2+ {[%emt 0:00:10]} 39. Kxg2 {[%emt 0:00:04]
} Qxd5+ {[%emt 0:00:01]} 40. Nf3 {[%emt 0:00:03]} c5 {[%emt 0:00:03]} 41. Qd2 {
[%emt 0:00:09]} Qe6 {[%emt 0:00:06]} 42. Rd3 {[%emt 0:00:02]} c4 {[%emt 0:00:
04]} 43. Rxd6 {[%emt 0:00:03]} Qf5 {[%emt 0:00:03]} 44. Qc3+ {[%emt 0:00:05]}
Kh7 {[%emt 0:00:01]} 45. Qxc4 1-0